000 00512nam a2200169Ia 4500
008 090201s9999 xx 000 0 und d
010 _aKPL-24919
040 _bमराठी
041 _aमराठी
082 _a45514
_b24919
100 _aजयंत रानडे
245 _aचक्रव्युह
_cजयंत रानडे
260 _c2005
_bमनोरमा प्रकाशन
300 _a172
_bमोठा
600 _aचक्रव्युह
942 _cBOOK
999 _c242426
_d242426